000 00285nam a22001337a 4500
008 170808b xxu||||| |||| 00| 0 eng d
020 _a9780201612608
041 _aeng
080 _a004
100 _a34
101 _aSHKI
245 _aUNIX: THE TEXTBOOK
_cSARWAR
942 _2udc
_cBK
999 _c22890
_d22890